Primera Fiesta del Árbol en San Quintín de Mediona
Colección:
San Jorge,
; núm. 15 (juliol 1954), pàg 115
Idioma:
Español
MARC
| LEADER | 00000naa a2200000 a 4500 | ||
|---|---|---|---|
| 003 | Arxiu | ||
| 005 | 20260324181023.0 | ||
| 008 | 160829s1954 spc xx s spa c | ||
| 040 | |a AGDB | ||
| 245 | 0 | 0 | |a Primera Fiesta del Árbol en San Quintín de Mediona |
| 490 | |a San Jorge, |v núm. 15 (juliol 1954), pàg 115 | ||
| 650 | 0 | |a Festa de l'arbre |z Barcelona (Província) |9 55267 | |
| 651 | 0 | |9 50760 |a Sant Quintí de Mediona | |
| 773 | |g Núm. 15 (juliol 1954), pàg 115 |t San Jorge. | ||
| 901 | |a Arxiu | ||
| 942 | |n 1 |2 udc |c ART | ||
| 952 | |0 0 |1 0 |4 0 |6 REV509 |7 1 |9 65072 |a Arxiu |b Arxiu |d 2023-01-24 |l 0 |o Rev-509 |r 2023-01-24 00:00:00 |w 2023-01-24 |y ARXIU |z També disponible a Rev-523 | ||
| 999 | |c 43708 |d 43708 | ||